[Event "Belgrade Trophy 35th"]
[Site "Belgrade"]
[Date "2021.12.01"]
[Round "8"]
[White "Vujovic, Vera"]
[Black "Andjelkovic, Milija"]
[Result "0-1"]
[WhiteElo "1261"]
[BlackElo "1796"]
[PlyCount "141"]
[EventDate "2021.11.24"]
[EventType "swiss"]
[EventRounds "9"]
[EventCountry "SRB"]
[SourceTitle "EXT 2023"]
[Source "ChessBase"]
[SourceDate "2022.10.05"]
[SourceVersion "1"]
[SourceVersionDate "2022.10.05"]
[SourceQuality "1"]

1. e4 e6 2. d4 d5 3. exd5 exd5 4. c4 Nf6 5. Nf3 Be7 6. Be2 h6 7. Nc3 0-0 8. 0-0 c6 9. Bf4 Nh5 10. Bg3 Bf6 11. cxd5 cxd5 12. Nb5 Na6 13. Bd6 Re8 14. Nd2 g6 15. Rc1 Ng7 16. Bc7 Qd7 17. Bg3 Nf5 18. Nf3 Nxg3 19. fxg3 Qe7 20. Re1 Bd7 21. Bd3 Qb4 22. Rxe8+ Rxe8 23. Qb3 Qxb3 24. axb3 Nb4 25. Bf1 Nc6 26. Nc7 Rd8 27. Nxd5 Bg7 28. Nf4 Nxd4 29. Bc4 Kf8 30. Rf1 Nxf3+ 31. Rxf3 Ke8 32. Re3+ Kf8 33. Rf3 Bd4+ 34. Kf1 Ke8 35. Ne2 Be6 36. Bxe6 fxe6 37. Nxd4 Rxd4 38. Rf6 Ke7 39. Rxg6 Rb4 40. Rxh6 Rxb3 41. Rh7+ Kf6 42. Rh8 Rxb2 43. Ra8 a6 44. Ra7 Ke5 45. h3 Ke4 46. Kg1 e5 47. g4 Kf4 48. Ra8 Kg3 49. Kf1 Rb1+ 50. Ke2 Kxg2 51. Re8 Kxh3 52. g5 Rb6 53. Rxe5 Kg4 54. Kd3 Rg6 55. Re7 b6 56. Ra7 a5 57. Ra6 Kxg5 58. Kc3 Kf5 59. Ra7 Ke5 60. Kc4 Rg4+ 61. Kc3 Kd5 62. Rd7+ Kc5 63. Rd2 Rg3+ 64. Kb2 b5 65. Rc2+ Kb4 66. Rh2 a4 67. Rh4+ Ka5 68. Rh5 a3+ 69. Ka2 Ka4 70. Rh2 b4 71. Rh1 0-1

[Event "Belgrade Trophy 35th"]
[Site "Belgrade"]
[Date "2021.11.30"]
[Round "7"]
[White "Andjelkovic, Milija"]
[Black "Jovanovic, Ivana"]
[Result "1-0"]
[WhiteElo "1796"]
[BlackElo "1231"]
[PlyCount "85"]
[EventDate "2021.11.24"]
[EventType "swiss"]
[EventRounds "9"]
[EventCountry "SRB"]
[SourceTitle "CBM 205 Extra"]
[Source "ChessBase"]
[SourceDate "2022.01.31"]
[SourceVersion "1"]
[SourceVersionDate "2022.01.31"]
[SourceQuality "1"]

1. d4 d5 2. c4 e6 3. Nc3 Nf6 4. Nf3 c6 5. Bf4 Nbd7 6. h3 h6 7. a3 Be7 8. e3 b6 9. b4 Bb7 10. c5 bxc5 11. bxc5 Qa5 12. Qd2 Ba6 13. Bxa6 Qxa6 14. Ne5 Nxe5 15. Bxe5 0-0 16. f3 Nd7 17. Bg3 f6 18. Kf2 e5 19. Rhb1 Rab8 20. Ne2 Rxb1 21. Rxb1 Qxa3 22. Rb7 Rd8 23. Qc2 Qa6 24. Qb3 Kf7 25. e4 exd4 26. Bd6 Bxd6 27. cxd6 Kf8 28. Qb1 Nc5 29. Rc7 Ne6 30. exd5 cxd5 31. Qh7 Nxc7 32. Qh8+ Kf7 33. Qxd8 d3 34. Qxc7+ Ke6 35. Qe7+ Kf5 36. g4+ Kg6 37. Nf4+ Kh7 38. Nh5 Qb6+ 39. Kg2 Qb2+ 40. Kg3 Qe5+ 41. Qxe5 fxe5 42. Kf2 e4 43. Nf4 1-0

[Event "Belgrade Trophy 35th"]
[Site "Belgrade"]
[Date "2021.11.29"]
[Round "6"]
[White "Trajkovic, Nenad"]
[Black "Andjelkovic, Milija"]
[Result "0-1"]
[WhiteElo "1473"]
[BlackElo "1796"]
[PlyCount "72"]
[EventDate "2021.11.24"]
[EventType "swiss"]
[EventRounds "9"]
[EventCountry "SRB"]
[SourceTitle "CBM 205 Extra"]
[Source "ChessBase"]
[SourceDate "2022.01.31"]
[SourceVersion "1"]
[SourceVersionDate "2022.01.31"]
[SourceQuality "1"]

1. b4 Nf6 2. Bb2 d5 3. e3 e6 4. a3 b6 5. c4 Bb7 6. Nf3 Nbd7 7. Nc3 a6 8. d4 dxc4 9. Bxc4 b5 10. Bd3 h6 11. 0-0 Be7 12. Rc1 Nb6 13. Ne5 Nbd5 14. f4 Nxe3 15. Qd2 Nxf1 16. Rxf1 Qxd4+ 17. Rf2 Qb6 18. Ne2 Rd8 19. Bd4 c5 20. bxc5 Bxc5 21. Bxc5 Qxc5 22. Qb4 Qxb4 23. axb4 0-0 24. Ng3 Rd4 25. f5 Rxb4 26. fxe6 fxe6 27. Rd2 Bd5 28. Ng6 Rf7 29. Ne5 Rc7 30. h3 a5 31. Bg6 a4 32. Nf5 a3 33. Nd6 a2 34. Rd1 Kf8 35. Kh2 Rb2 36. Bd3 Rxg2+ 0-1

[Event "Belgrade Trophy 35th"]
[Site "Belgrade"]
[Date "2021.11.28"]
[Round "5"]
[White "Andjelkovic, Milija"]
[Black "Stankovic, Andrea"]
[Result "0-1"]
[WhiteElo "1796"]
[BlackElo "1602"]
[PlyCount "68"]
[EventDate "2021.11.24"]
[EventType "swiss"]
[EventRounds "9"]
[EventCountry "SRB"]
[SourceTitle "CBM 205 Extra"]
[Source "ChessBase"]
[SourceDate "2022.01.31"]
[SourceVersion "1"]
[SourceVersionDate "2022.01.31"]
[SourceQuality "1"]

1. d4 e6 2. c4 Nf6 3. Nc3 Bb4 4. a3 Bxc3+ 5. bxc3 0-0 6. Qc2 Re8 7. e4 d6 8. Bd3 e5 9. Ne2 h6 10. f3 Nbd7 11. Be3 Nf8 12. g4 N6h7 13. h4 Qf6 14. Ng1 Ne6 15. d5 Nf4 16. Bf1 Bd7 17. Qd2 Rab8 18. a4 a6 19. Ne2 b5 20. axb5 axb5 21. Nxf4 exf4 22. Bd4 Qe7 23. Qxf4 bxc4 24. Bxc4 Rb2 25. Bd3 c5 26. dxc6 Bxc6 27. Ra7 Qe6 28. c4 Rb3 29. Kd2 Reb8 30. g5 hxg5 31. hxg5 Qg6 32. Rg1 Nf8 33. Bc3 Ne6 34. Rh1 Nxf4 0-1

[Event "Belgrade Jezero op"]
[Site "Belgrade"]
[Date "2017.08.06"]
[Round "2"]
[White "Andjelkovic, Milija"]
[Black "Maric, Dragan"]
[Result "0-1"]
[WhiteElo "1962"]
[BlackElo "2210"]
[PlyCount "82"]
[EventDate "2017.08.05"]
[EventType "swiss"]
[EventRounds "9"]
[EventCountry "SRB"]
[SourceTitle "CBM 180 Extra"]
[Source "ChessBase"]
[SourceDate "2017.10.06"]
[SourceVersion "1"]
[SourceVersionDate "2017.10.06"]
[SourceQuality "1"]

1. d4 Nf6 2. c4 c5 3. d5 b5 4. cxb5 a6 5. e3 g6 6. Nc3 Bg7 7. a4 0-0 8. Nf3 Bb7 9. Ra3 e6 10. Bc4 axb5 11. axb5 Rxa3 12. bxa3 Qa5 13. Bd2 Qxa3 14. dxe6 fxe6 15. 0-0 d5 16. Be2 Nbd7 17. Qc2 Qa8 18. Rd1 e5 19. Na4 Ne4 20. Be1 d4 21. Nb2 Nb6 22. Nc4 Nxc4 23. Bxc4+ Kh8 24. Qb2 Nd6 25. Be2 Qe8 26. Ng5 Qe7 27. h4 h6 28. Nh3 c4 29. Bb4 d3 30. Bf1 Bc8 31. Qa3 Rd8 32. Bc5 Bf8 33. g3 Bg4 34. Rd2 Qd7 35. Kh2 Ne4 36. Bxf8 Nxd2 37. Bg2 Nf3+ 38. Bxf3 Bxf3 39. Bxh6 d2 40. Qa1 d1Q 41. Qxe5+ Kg8 0-1

[Event "Belgrade Trophy 30th"]
[Site "Belgrade"]
[Date "2016.11.26"]
[Round "3"]
[White "Eric, Jovana"]
[Black "Andjelkovic, Milija"]
[Result "1-0"]
[WhiteElo "2209"]
[BlackElo "1996"]
[PlyCount "67"]
[EventDate "2016.11.24"]
[EventType "swiss"]
[EventRounds "9"]
[EventCountry "SRB"]
[SourceTitle "CBM 175 Extra"]
[Source "ChessBase"]
[SourceDate "2016.12.12"]
[SourceVersion "1"]
[SourceVersionDate "2016.12.12"]
[SourceQuality "1"]

1. e4 e6 2. Qe2 c5 3. Nf3 Nc6 4. g3 g6 5. Bg2 Bg7 6. h4 h5 7. 0-0 d6 8. c3 e5 9. d3 Bg4 10. Bg5 Qd7 11. Na3 a6 12. Nc4 Rb8 13. Nb6 Qe6 14. Nd5 Rc8 15. Qd2 f6 16. Be3 Bh6 17. Nh2 Bh3 18. Bxh3 Qxh3 19. Bxh6 Nxh6 20. Nxf6+ Kf7 21. Nd5 Kg7 22. Qg5 Rhf8 23. Ne7 Nxe7 24. Qxe7+ Nf7 25. Nf3 Rfe8 26. Qxb7 Rb8 27. Qxa6 Rxb2 28. Qa7 Kg8 29. Rab1 Rxb1 30. Rxb1 Qg4 31. Kg2 g5 32. hxg5 Nxg5 33. Nxg5 Qxg5 34. Rb8 1-0

[Event "SRB-ch sf"]
[Site "Belgrade"]
[Date "2016.03.27"]
[Round "7"]
[White "Jovanovic, Dejan R"]
[Black "Andjelkovic, Milija"]
[Result "1/2-1/2"]
[WhiteElo "2120"]
[BlackElo "1976"]
[PlyCount "27"]
[EventDate "2016.03.21"]
[EventType "swiss"]
[EventRounds "9"]
[EventCountry "SRB"]
[SourceTitle "CBM 171 Extra"]
[Source "ChessBase"]
[SourceDate "2016.04.26"]
[SourceVersion "1"]
[SourceVersionDate "2016.04.26"]
[SourceQuality "1"]

1. d4 Nf6 2. c3 d5 3. Bf4 g6 4. h3 e6 5. e3 c5 6. Nd2 Nc6 7. Ngf3 Nh5 8. Bh2 a6 9. Be2 Nf6 10. 0-0 c4 11. e4 Be7 12. Ne5 Nxe5 13. Bxe5 0-0 14. Bf3 1/2-1/2

[Event "SRB-ch sf"]
[Site "Belgrade"]
[Date "2016.03.26"]
[Round "6"]
[White "Andjelkovic, Milija"]
[Black "Popovic, Aleksandar M"]
[Result "0-1"]
[WhiteElo "1976"]
[BlackElo "2266"]
[PlyCount "77"]
[EventDate "2016.03.21"]
[EventType "swiss"]
[EventRounds "9"]
[EventCountry "SRB"]
[SourceTitle "CBM 171 Extra"]
[Source "ChessBase"]
[SourceDate "2016.04.26"]
[SourceVersion "1"]
[SourceVersionDate "2016.04.26"]
[SourceQuality "1"]

1. d4 Nf6 2. c4 g6 3. Nc3 Bg7 4. e4 0-0 5. Bg5 c5 6. d5 h6 7. Be3 d6 8. h3 e6 9. Qd2 exd5 10. exd5 Re8 11. Bd3 Nbd7 12. Nf3 a6 13. a4 g5 14. g4 Nf8 15. Qc2 b6 16. 0-0-0 b5 17. axb5 axb5 18. Nxb5 N6d7 19. Nd2 Ne5 20. Be2 f5 21. gxf5 Ra1+ 22. Nb1 Qf6 23. Kd2 Bxf5 24. Qb3 Nfg6 25. N1c3 Rxd1+ 26. Nxd1 Nh4 27. Kc1 Ra8 28. Na3 Nef3 29. Bxc5 dxc5 30. Bxf3 Qe5 31. Bh5 Qf4+ 32. Qe3 Rxa3 33. Qxf4 Ra1+ 34. Kd2 gxf4 35. Re1 Ra4 36. Re8+ Kh7 37. b3 Ra2+ 38. Ke1 Ng2+ 39. Kf1 0-1

[Event "SRB-ch sf"]
[Site "Belgrade"]
[Date "2016.03.22"]
[Round "2"]
[White "Andjelkovic, Milija"]
[Black "Jovancev, Orce"]
[Result "1-0"]
[WhiteElo "1976"]
[BlackElo "1709"]
[PlyCount "75"]
[EventDate "2016.03.21"]
[EventType "swiss"]
[EventRounds "9"]
[EventCountry "SRB"]
[SourceTitle "CBM 171 Extra"]
[Source "ChessBase"]
[SourceDate "2016.04.26"]
[SourceVersion "1"]
[SourceVersionDate "2016.04.26"]
[SourceQuality "1"]

1. d4 d5 2. c4 c6 3. Nc3 Nf6 4. Nf3 dxc4 5. a4 Bf5 6. Ne5 Nbd7 7. Nxc4 Qc7 8. g3 e6 9. Bf4 Qd8 10. Bg2 Nb6 11. Na5 Qd7 12. e4 Bg6 13. 0-0 Bb4 14. Nb3 Bxc3 15. bxc3 Nxe4 16. Qe1 Nf6 17. Nc5 Qc8 18. a5 Nbd5 19. Bd6 Ne7 20. a6 b6 21. Nb7 Bd3 22. Bxe7 Kxe7 23. Qe5 Qd7 24. Rfd1 Bc4 25. Ra4 Bb3 26. Rda1 Bxa4 27. Rxa4 Rac8 28. Rc4 h5 29. h3 Rhg8 30. f4 g6 31. Qg5 Ke8 32. Qxf6 Qe7 33. Bxc6+ Kf8 34. Qe5 f6 35. Qd6 Qxd6 36. Nxd6 Rd8 37. Nb5 Rg7 38. Bb7 1-0

[Event "SRB-ch sf"]
[Site "Belgrade"]
[Date "2016.03.21"]
[Round "1"]
[White "Radlovacki, Jovan"]
[Black "Andjelkovic, Milija"]
[Result "1-0"]
[WhiteElo "2329"]
[BlackElo "1976"]
[PlyCount "60"]
[EventDate "2016.03.21"]
[EventType "swiss"]
[EventRounds "9"]
[EventCountry "SRB"]
[SourceTitle "CBM 171 Extra"]
[Source "ChessBase"]
[SourceDate "2016.04.26"]
[SourceVersion "1"]
[SourceVersionDate "2016.04.26"]
[SourceQuality "1"]

1. e4 e6 2. d4 d5 3. Nd2 Nf6 4. e5 Nfd7 5. Bd3 c5 6. c3 Nc6 7. Ngf3 cxd4 8. cxd4 g6 9. 0-0 Bg7 10. h4 f6 11. exf6 Nxf6 12. Nb3 Qd6 13. g3 Nh5 14. Kg2 0-0 15. Qe2 a5 16. a4 Bd7 17. Re1 Rae8 18. Ne5 Bc8 19. Bd2 b6 20. Nxc6 Qxc6 21. Bb5 Qb7 22. Bxe8 Rxe8 23. g4 Nf6 24. f3 Nd7 25. Bf4 Qa8 26. Qb5 Kf7 27. Rac1 e5 28. dxe5 Bxe5 29. Bxe5 Nxe5 30. Rc7+ Kf8 1-0

[Event "Belgrade-ch"]
[Site "Belgrade"]
[Date "2016.01.27"]
[Round "5"]
[White "Andjelkovic, Milija"]
[Black "Djerfi, Karolj"]
[Result "0-1"]
[WhiteElo "2024"]
[BlackElo "2290"]
[PlyCount "90"]
[EventDate "2016.01.23"]
[EventType "swiss"]
[EventRounds "9"]
[EventCountry "SRB"]
[SourceTitle "EXT 2017"]
[Source "ChessBase"]
[SourceDate "2016.10.25"]
[SourceVersion "1"]
[SourceVersionDate "2016.10.25"]
[SourceQuality "1"]

1. d4 d5 2. c4 c6 3. Nc3 Nf6 4. Nf3 Bf5 5. a4 e6 6. Nh4 Bg4 7. h3 Bh5 8. g4 Bg6 9. g5 Ne4 10. Nxe4 Bxe4 11. f3 Bd6 12. Kf2 Qc7 13. Rg1 Bg6 14. Nxg6 hxg6 15. c5 Bh2 16. Rg4 Rh4 17. Ke3 Rxg4 18. hxg4 e5 19. dxe5 Qxe5+ 20. Kd3 Na6 21. Kc2 Nxc5 22. Ra3 Bf4 23. Bxf4 Qxf4 24. Qd2 Qxd2+ 25. Kxd2 Ne6 26. Re3 Kf8 27. Rb3 Rb8 28. a5 Nxg5 29. Bg2 Ne6 30. e3 g5 31. Rc3 a6 32. Bf1 Ke7 33. Rb3 Nc5 34. Rc3 Kd6 35. b4 Ne6 36. Rb3 Rh8 37. Be2 Rh2 38. Kd1 Ke5 39. Rc3 Kd6 40. Rb3 g6 41. Kd2 f5 42. Kd3 f4 43. Rb1 Ke5 44. Bd1 fxe3 45. Kxe3 Nf4 0-1

[Event "Belgrade Trophy 28th"]
[Site "Belgrade"]
[Date "2014.11.27"]
[Round "4"]
[White "Andjelkovic, Milija"]
[Black "Cvetkovic, Srdjan"]
[Result "0-1"]
[WhiteElo "2059"]
[BlackElo "2287"]
[PlyCount "70"]
[EventDate "2014.11.24"]
[EventType "swiss"]
[EventRounds "9"]
[EventCountry "SRB"]
[SourceTitle "CBM 163 Extra"]
[Source "ChessBase"]
[SourceDate "2014.12.23"]
[SourceVersion "1"]
[SourceVersionDate "2014.12.23"]
[SourceQuality "1"]

1. d4 Nf6 2. c4 e6 3. Nc3 Bb4 4. Qc2 c5 5. Nf3 cxd4 6. Nxd4 Nc6 7. e3 d5 8. a3 Be7 9. Nxc6 bxc6 10. cxd5 cxd5 11. Bb5+ Bd7 12. 0-0 0-0 13. b4 a5 14. Rb1 axb4 15. axb4 Rb8 16. Bxd7 Qxd7 17. b5 Rb6 18. Qd3 Rfb8 19. Rb3 Qb7 20. f3 Nd7 21. Ba3 Ne5 22. Qe2 Bxa3 23. Rxa3 Nc4 24. Rb3 Qa7 25. Rfb1 R6b7 26. Kf2 f5 27. g3 g5 28. f4 gxf4 29. gxf4 Rg7 30. Rb4 Qe7 31. Qh5 Qc5 32. Qe2 Kh8 33. Na4 Qe7 34. Qh5 Rbg8 35. Rxc4 dxc4 0-1

[Event "Belgrade-chT"]
[Site "Belgrade"]
[Date "2014.10.25"]
[Round "7"]
[White "Veljkovic, Dragoljub"]
[Black "Andjelkovic, Milija"]
[Result "1/2-1/2"]
[WhiteElo "2170"]
[BlackElo "2059"]
[PlyCount "30"]
[EventDate "2014.10.04"]
[EventType "team-tourn"]
[EventRounds "13"]
[EventCountry "SRB"]
[SourceTitle "EXT 2015"]
[Source "ChessBase"]
[SourceDate "2014.11.20"]
[SourceVersion "1"]
[SourceVersionDate "2014.11.20"]
[SourceQuality "1"]

1. d4 Nf6 2. Nf3 d5 3. c4 c6 4. e3 e6 5. Nc3 Be7 6. Bd3 Nbd7 7. 0-0 h6 8. e4 dxe4 9. Nxe4 Nxe4 10. Bxe4 f5 11. Bc2 Bf6 12. Qe2 Kf7 13. b3 Re8 14. Bb2 Nf8 15. Rfe1 Ng6 1/2-1/2